Formula One Circuits Map Quiz - Statistics

General Stats
  • This quiz has been taken 8,900 times
  • The average score is 11 of 16
Answer Stats
Picture Answer % Correct
Spa-Francorchamps
85%
Autodromo Nazionale di Monza
84%
Circuit de Monaco
84%
Suzuka Circuit
81%
Baku City Circuit
80%
Silverstone
75%
Barcelona-Catalunya
74%
Red Bull Ring
73%
Circuit of the Americas
66%
Yas Marina Circuit
61%
Hungaroring
60%
Circuit Gilles Villeneuve
56%
Autódromo Hermanos Rodríguez
54%
Autódromo José Carlos Pace
48%
Circuit Paul Ricard
48%
Hockenheimring
45%
No matching quizzes found
Score Distribution
Percent of People with Each Score
Percentile by Number Answered
Your Score History
You have not taken this quiz